000 00391nam a2200157 4500
001 18625
005 20201125173859.0
007 tu
008 170301s1752||||||| ger
245 0 0 _aRector et Senatus Academiae Regiae Viadrinae
_bL. B. S
264 _aFrankfurt (Oder)
_bWinter
_c1752
365 _c€
546 _adeutsch
650 0 4 _aUniversität
650 0 4 _aFrankfurt (Oder)
999 _c78897
_d78897